Welcome to CU Library Online Public Access Catalogue (OPAC)

Strategic management and business policy; (Record no. 5295)

MARC details
000 -LEADER
fixed length control field 00473nam a22001697a 4500
005 - DATE AND TIME OF LATEST TRANSACTION
control field 20250328120936.0
008 - FIXED-LENGTH DATA ELEMENTS--GENERAL INFORMATION
fixed length control field 250328b |||||||| |||| 00| 0 eng d
020 ## - INTERNATIONAL STANDARD BOOK NUMBER
International Standard Book Number 9780137029150
050 ## - LIBRARY OF CONGRESS CALL NUMBER
Classification number HD30
Item number .28.W43 WHE
100 ## - MAIN ENTRY--PERSONAL NAME
Personal name Wheelen, Thomas L.
245 ## - TITLE STATEMENT
Title Strategic management and business policy;
Remainder of title achieving sustainability
250 ## - EDITION STATEMENT
Edition statement 12th
260 ## - PUBLICATION, DISTRIBUTION, ETC.
Place of publication, distribution, etc. Boston
Name of publisher, distributor, etc. Pearson Education Inc.
Date of publication, distribution, etc. c2010
300 ## - PHYSICAL DESCRIPTION
Extent 979p
700 ## - ADDED ENTRY--PERSONAL NAME
Personal name Hunger David J.
942 ## - ADDED ENTRY ELEMENTS (KOHA)
Source of classification or shelving scheme Library of Congress Classification
Koha item type Books
Suppress in OPAC No
999 ## -
-- 5295
-- 5295
Holdings
Withdrawn status Lost status Source of classification or shelving scheme Damaged status Not for loan Collection Home library Current library Shelving location Date acquired Total checkouts Full call number Barcode Date last seen Copy number Price effective from Koha item type
    Library of Congress Classification     Non-fiction Business Library (Miotso) Business Library (Miotso) General stacks 04/25/2025   HD30.28.W43 WHE BSSM00001975 04/25/2025 6 04/25/2025 Books
    Library of Congress Classification     Non-fiction Business Library (Miotso) Business Library (Miotso) General stacks 04/25/2025   HD30.28.W43 WHE BSSM00001976 04/25/2025 7 04/25/2025 Books
    Library of Congress Classification     Non-fiction Business Library (Miotso) Business Library (Miotso) General stacks 04/25/2025   HD30.28.W43 WHE BSSM00001977 04/25/2025 8 04/25/2025 Books
    Library of Congress Classification     Non-fiction Graduate Library (Christ Temple) Graduate Library (Christ Temple) General stacks 04/11/2025   HD 30.28.W43 WHE GSCT00001024 04/11/2025 1 04/11/2025 Books
    Library of Congress Classification     Non-fiction Graduate Library (Christ Temple) Graduate Library (Christ Temple) General stacks 04/11/2025   HD 30.28.W43 WHE GSCT00001025 04/11/2025 2 04/11/2025 Books
    Library of Congress Classification     Non-fiction Graduate Library (Christ Temple) Graduate Library (Christ Temple) General stacks 04/11/2025   HD 30.28.W43 WHE GSCT00001026 04/11/2025 3 04/11/2025 Books
    Library of Congress Classification     Non-fiction Undergraduate Library (Christ Temple) Undergraduate Library (Christ Temple) General stacks 03/28/2025   HD30.28.W43 WHE ulct00002064 03/28/2025 1 03/28/2025 Books
    Library of Congress Classification     Non-fiction Undergraduate Library (Christ Temple) Undergraduate Library (Christ Temple) General stacks 03/28/2025   HD30.28.W43 WHE ulct00002065 03/28/2025 2 03/28/2025 Books
© 2023-2024 Copyright: Central University Libraries. All Rights Reserved | Created by: Mahone Tech Office